00810nam a2200205 u 450000100100000000500170001000800410002704000250006808200150009310000290010824500570013725000110019426000510020530000210025650000420027759000730031904900090039295201860040199900170058700003615520200930074924.0111221s1957 ag r 000 0 spa d aDO-SdBNPbspacBNPHU axxxxbxxxx1 aPuiggros, Rodolfo96218913aDe la colonia a la revolución /cRodolfo Puiggros. a4a ed. aBuenos Aires, Argentina :bEdiciones Leviatan. a293 p. ;c22 cm. aIncluye notas al pie de las páginas aPerneció a la biblioteca personal de Juan Isidro Jimenes Grullón aBNPD 001050718MOaGRbGRcCTd2011-12-21iLF1l0oxxxx xxxxp36155-10r2020-06-25w2020-06-25y1zperteneción a la biblioteca personal de Juan Isidro Jimenes GrullónZNo se presta c35646d35646